000 01212nab a22002657a 4500
999 _c5540
_d5540
003 OSt
005 20251215151551.0
008 190429b xxu||||| |||| 00| 0 spa d
040 _cPJ
100 _96521
_aGarcía Cáneva, Luciana B.
245 1 0 _aEl estándar de prueba en casos de violencia sexual /
_cLuciana B. García Cáneva.
260 _cCiudad Autónoma de Buenos Aires :
_aThomson Reuters La Ley,
_b2025.
300 _ap. 135-140
500 _aCita: AR/DOC/184/2025.
505 _aSumario: I. Introducción.— II. Caso "D. P., J. A. s/ abuso sexual con acceso carnal".— III. Consideraciones.
505 _tFallo comentado: TCrim. Nro. 4, La Plata ~ 24/05/2024 ~ D. P. J. A. s/ abuso sexual con acceso carnal.
505 _tSi te interesa el texto completo, solicitalo a koha@justierradelfuego.gov.ar
650 0 _9343
_aDERECHO PENAL
650 0 _92903
_aABUSO SEXUAL
650 0 _94467
_aABUSO SEXUAL CALIFICADO POR ACCESO CARNAL
650 0 _93053
_aVIOLENCIA DE GÉNERO
650 0 _91975
_aPRUEBA
773 0 _02658
_93164
_tRevista de derecho penal y criminología. Nº 2 - Marzo 2025
_dCiudad Autónoma de Buenos Aires : Thomson Reuters La Ley, 2017-
_x00347914
942 _2udc
_cANA